000 00977nam a22002537a 4500
005 20170124102922.0
010 _aB-050119
020 _c238.00
035 _aB-050119
037 _bCen Lib/Ret
040 _aDPL
_bHN
082 _2824
_bनागरी
245 _aनगरी निबंध- गंगा /
_cसंपादक सुधाकर पांडे
246 _anagri nibhand-ganga /
_bedited by Sudhakar pandey
260 _aनई दिल्ली
_bनगरीप्रचारिणी सभा
270 _bनई दिल्ली
300 _a106पृ.
_c23सेमी (सजिल्द)
500 _aसाधन स्त्रोत
650 _aहिंदी साहित्य
_9113514
650 _aहिंदी साहित्य-निबंध
_9113515
650 _aHindi Literature
_9113516
650 _aHindi Literature- Essay
_98630
942 _2ddc
_cHN
_h824
_mनागरी
999 _c111299
_d111299